000 00988nam a22003017a 4500
001 BR7700173
003 BR-BrBNA
005 20230928085138.0
007 ta
008 230509b bl.||||| |||| 00| 0 por d
040 _aBR-BrBNA
_bpor
_cBiblioteca Nacional de Agricultura
041 _a(Por)
072 _aF25
_b/G514
_b/GZ74
090 _ F25 BR7700173
100 1 _aMartins, O.
110 1 _aUniversidade Federal de vicosa, MG (Brasil)
_0Tese (Magister Scientiae)
245 1 _aCaracterizacao da fertilidade de cinco latossolos do triangulo mineiro, sob vegetacao de cerrado [Brasil]
260 3 _aVicosa, MG (Brasil):
_c1976.
300 _a48 p.
500 _a15 tables; 39 ref.; Summary (Por). (*) Documento disponível na(o) Universidade Federal de Vicosa, MG (Brazil)
650 _aFertilidade do solo
650 _aLatossolo
650 _aTriangulo Mineiro
650 _aMinas Gerais
650 _aCerrado
909 _a202309
_bLucia
_c55
_dLucia Elande
942 _cBK
999 _c23009
_d23009